Pavol Jozef Šafárik v slovenskej a českej slavistike : zborník venovaný 11. medzinárodnému zjazdu slavistov v Bratislave /

Hlavní autor: Šafařík, Pavel Josef, 1795-1861
Další autoři: Štroncerová, Daniela
Jazyk: Slovenština
Vydáno: Košice : Východoslovenské vydavateľstvo, 1993
Vydání: Vyd. 1.
Edice: Literárnovedný zborník
Acta Facultatis philosophicae Universitatis Šafarikanae
Historický zborník
Jazykovedný zborník
Témata:
Fyzický popis: 313 s., [6] s. obrazových příloh ; 23 cm
Knihy
Uloženo v:
LEADER 01640nam a2200385 a 4500
001 000200883
003 CZ BrMZK
005 19960815143423.0
007 ta
008 960815s1993 xo f slo d
020 |a 80-85174-52-9 
040 |a BOA001  |b cze 
080 |a 885.4"18":92 Šafařík, Pavel Josef  |2 MRF 
080 |a 929 Šafařík, Pavel Josef  |2 MRF 
100 1 |a Šafařík, Pavel Josef,  |d 1795-1861  |7 jk01122355  |4 hnr 
245 1 0 |a Pavol Jozef Šafárik v slovenskej a českej slavistike :  |b zborník venovaný 11. medzinárodnému zjazdu slavistov v Bratislave /  |c [zodpovedná redaktorka Daniela Štroncerová] 
250 |a Vyd. 1. 
260 |a Košice :  |b Východoslovenské vydavateľstvo,  |c 1993 
300 |a 313 s., [6] s. obrazových příloh ;  |c 23 cm 
490 1 |a Literárnovedný zborník ;  |v 10 
490 1 |a Acta Facultatis philosophicae Universitatis Šafarikanae 
490 1 |a Historický zborník ;  |v 4/1993 
490 1 |a Jazykovedný zborník ;  |v 11 
500 |a Vyd. Filoz. fak. v Prešove. - Bibliogr. - Souhrny něm., rus. 
653 0 |a slavistika  |a Šafařík, Pavel Josef 1795-1861 
700 1 |a Štroncerová, Daniela  |4 lso 
830 0 |a Literárnovedný zborník 
830 0 |a Acta Facultatis philosophicae Universitatis Šafarikanae 
830 0 |a Historický zborník 
830 0 |a Jazykovedný zborník 
910 |a BOA001  |b 2-1034.772 
964 |a Šafařík  |b Pavel Josef  |f 1795-1861  |x slavistika  |x sborníky 
964 |a Slavistika  |x Šafařík, Pavel Josef  |x sborníky 
990 |a BK 
996 7 |b 2610054988  |c 2-1034.772  |l MZK  |r Sklad / do 1 hodiny  |n 4  |p vým  |w 000200883  |u 000010  |a 1  |e BOA001  |j MZK50  |s A